Zanjón de la aguada
שמור ב:
| מחבר ראשי: | |
|---|---|
| פורמט: | ספר |
| שפה: | ספרדית |
| יצא לאור: |
Santiago
Planeta
2003
|
| מהדורה: | 3a. ed |
| סדרה: | Seix Barral Biblioteca Breve
|
| נושאים: | |
| תגים: |
הוספת תג
אין תגיות, היה/י הראשונ/ה לתייג את הרשומה!
|
MARC
| LEADER | 00000nam a2200000 a 4500 | ||
|---|---|---|---|
| 001 | UCL3296 | ||
| 003 | CL-VaPUC | ||
| 008 | 031121e20030000CL |||||||||||||||||spa|d | ||
| 020 | |a 9562473112 | ||
| 082 | 0 | 4 | |a Ch863 |b LEM |2 21 |
| 100 | |a Lemebel, Pedro |e autor |d 1952-2015 |9 496437 | ||
| 245 | 1 | 0 | |a Zanjón de la aguada |
| 250 | |a 3a. ed | ||
| 300 | |a 298 p | ||
| 942 | |c BK | ||
| 945 | |d 20031121 00:00:00 |a cmena | ||
| 260 | |a Santiago |b Planeta |c 2003 | ||
| 650 | 0 | |a Literatura chilena |9 308278 | |
| 650 | 0 | |a Crónicas chilenas |9 321511 | |
| 583 | |a last modification |c 20031121 00:00:00 |k Rodrigo Vera | ||
| 490 | 0 | |a Seix Barral Biblioteca Breve | |
| 999 | |c 306408 |d 306406 | ||